Govt. of
Madhya Pradesh

New Criminal Laws CRIMINAL MANUAL (Record no. 68253)

MARC details
000 -LEADER
fixed length control field 00263nam a22001097a 4500
082 ## - DEWEY DECIMAL CLASSIFICATION NUMBER
Classification number 340
100 ## - MAIN ENTRY--AUTHOR NAME
Personal name Gupta ,Virag
245 ## - TITLE STATEMENT
Title New Criminal Laws CRIMINAL MANUAL
260 ## - PUBLICATION, DISTRIBUTION, ETC. (IMPRINT)
Place of publication Delhi
Name of publisher Commercial Law Publishers
Year of publication 2024
650 ## - SUBJECT ADDED ENTRY--TOPICAL TERM
Topical Term LAW
942 ## - ADDED ENTRY ELEMENTS (KOHA)
Koha item type Competitive Books
Holdings
Withdrawn status Lost status Damaged status Not for loan Home library Current library Date acquired Cost, normal purchase price Full call number Accession Number Price effective from Koha item type
        MACL MACL 10/10/2025 945.00 340 DPI003906 10/10/2025 Competitive Books